000 00427nam a22001697a 4500
005 20230112112855.0
008 200225b xxu||||| |||| 00| 0 eng d
020 _a978-93-85915-27-7
041 _aeng
082 _a612
100 _aJOHN, N A
_97171
245 _aPRACTICAL ANATOMY AND PHYSIOLOGY FOR PHARMACY STUDENTS
260 _aNEW DELHI
_bCBS
300 _a168p,
650 _aPHARMACY
_xB.PHARMA
_97083
942 _cBK
999 _c6035
_d6033